Practical biotransformations:a beginner's guide (Record no. 1213050)

MARC details
000 -LEADER
fixed length control field 01109nam a2200325Ia 4500
003 - CONTROL NUMBER IDENTIFIER
control field OSt
005 - DATE AND TIME OF LATEST TRANSACTION
control field 20221007124129.0
008 - FIXED-LENGTH DATA ELEMENTS--GENERAL INFORMATION
fixed length control field 221006b |||||||| |||| 00| 0 eng d
020 ## - INTERNATIONAL STANDARD BOOK NUMBER
International Standard Book Number 9781405171250 (pbk)
037 ## - SOURCE OF ACQUISITION
Terms of availability Textbook
040 ## - CATALOGING SOURCE
Original cataloging agency CDL
Transcribing agency CDL
Language of cataloging eng
041 ## - LANGUAGE CODE
Source of code eng
Language code of text/sound track or separate title eng
100 ## - MAIN ENTRY--PERSONAL NAME
Personal name Grogan Gideon
9 (RLIN) 718498
245 #0 - TITLE STATEMENT
Title Practical biotransformations:a beginner's guide
260 ## - PUBLICATION, DISTRIBUTION, ETC.
Place of publication, distribution, etc. Chichester
Name of publisher, distributor, etc. Wiley
Date of publication, distribution, etc. 2009
300 ## - PHYSICAL DESCRIPTION
Extent xii, 331p.
Dimensions cm.
490 ## - SERIES STATEMENT
Series statement Postgraduate chemistry series
500 ## - GENERAL NOTE
General note Includes bibliographical references.; Appendix 309- 322p.; Index 323- 331p.
650 ## - SUBJECT ADDED ENTRY--TOPICAL TERM
Topical term or geographic name entry element Biosynthesis
9 (RLIN) 711625
650 ## - SUBJECT ADDED ENTRY--TOPICAL TERM
Topical term or geographic name entry element Enzymes- biotechnology
650 ## - SUBJECT ADDED ENTRY--TOPICAL TERM
Topical term or geographic name entry element Microbial biotechnology
9 (RLIN) 711187
650 ## - SUBJECT ADDED ENTRY--TOPICAL TERM
Topical term or geographic name entry element Organic compounds- synthesis
650 ## - SUBJECT ADDED ENTRY--TOPICAL TERM
Topical term or geographic name entry element Chemistry
942 ## - ADDED ENTRY ELEMENTS (KOHA)
Classification part E9G,982, P9 Carc
Koha item type Textbook
Source of classification or shelving scheme Colon Classification (CC)
Holdings
Withdrawn status Lost status Source of classification or shelving scheme Damaged status Not for loan Home library Current library Date acquired Source of acquisition Total Checkouts Full call number Barcode Date last seen Price effective from Koha item type
    Colon Classification (CC)     Department of Chemistry Library Department of Chemistry Library 2022-10-07 1558, 04/11/2009, Educational Book Agency (India)   E9G,982 P9 Carc CD0008007 2022-10-07 2022-10-07 Textbook
Copyright @ Delhi University Library System